000 00620nam a22002177a 4500
003 UA-OsUOA
001 77231
007 ta
008 20110906b un ||||| |||| 00| 0 ukr d
100 _aСкороход В.О.
090 _a330(477)
_bС44
942 _cSA
040 _aUA-OsUOA
_bukr
_cUA-OsUOA
_dUA-OsUOA
245 _aСвітова продовольча криза та виклики для України
300 _aС.135-145
955 _a0
041 _aukr
080 _a330(477)
773 0 _w77222
_tЕкономіка АПК
_dК.
_d2011
_g8
650 7 _a330 Економіка взагалі
_2UDC
999 _c363542
_d363542